Guerra fría y guerrilla en México : guía de acceso al archivo de la Dirección de Investigaciones Políticas y Sociales, AGN /
CD-ROM que contiene una guía de los documentos desclasificados que se encuentran en el Archivo General de Nación y que pertenecieron a la Dirección de Investigaciones Políticas y Sociales, que fuera la policía política de la Secretaría de Gobernación de 1950 a 1980. Mismo que contiene expedientes qu...
محفوظ في:
| المؤلف الرئيسي: | |
|---|---|
| التنسيق: | الكتروني |
| اللغة: | الإسبانية |
| الموضوعات: | |
| الوسوم: |
لا توجد وسوم, كن أول من يضع وسما على هذه التسجيلة!
|
MARC
| LEADER | 00000nmm^a2200000^a^4500 | ||
|---|---|---|---|
| 001 | 000190988 | ||
| 005 | 20250521000000.0 | ||
| 009 | 20260310102510.228 | ||
| 020 | |a 968-496-482-X | ||
| 037 | |a Acervo ITESO - Biblioteca | ||
| 041 | |a ESP | ||
| 082 | |a 320. 972063 |b SPE | ||
| 100 | |a Spenser, Daniela |e (coord.) | ||
| 245 | 1 | 0 | |a Guerra fría y guerrilla en México : |b guía de acceso al archivo de la Dirección de Investigaciones Políticas y Sociales, AGN / |c Coord. de D. Spenser. |
| 264 | |a México : |b CIESAS, |c 2003 | ||
| 300 | |a 1 disco compacto de computadora | ||
| 336 | |a datos para computadora |b cod |2 rdacontenido | ||
| 337 | |a computadora |b c |2 rdamedio | ||
| 338 | |a disco de computadora |b cd |2 rdasoporte | ||
| 520 | |a CD-ROM que contiene una guía de los documentos desclasificados que se encuentran en el Archivo General de Nación y que pertenecieron a la Dirección de Investigaciones Políticas y Sociales, que fuera la policía política de la Secretaría de Gobernación de 1950 a 1980. Mismo que contiene expedientes que ilustran la etapa de la guerra fría y la guerrilla dentro de los movimientos sociales vistos por los agentes de inteligencia de la SEGOB que realizaron espionaje político en este lapso histórico. | ||
| 649 | |a XX | ||
| 650 | |a Guerra Fría - |z México - |x Historia - |x Documentos - |x Tema Principal | ||
| 650 | |a Guerrilla - |z México - |x Historia - |x Documentos - |x Tema Principal | ||
| 650 | |a Tolerancia e Intolerancia - |z México | ||
| 650 | |a Violencia Política - |z México | ||
| 650 | |a Espionaje y Contraespionaje - |z México | ||
| 650 | |a Archivo General de la Nación - |z México - |x Indices | ||
| 650 | |a Catálogos de Archivos - |z México | ||
| 650 | |a Archivos - |z México | ||
| 650 | |a Política - |z México - |x Historia - |y 1946-2000 | ||
| 650 | |a Política - |z México - |x Historia - |y Siglo XX | ||
| 650 | |a México - |x Historia - |x Documentos | ||
| 910 | |a Fondo General | ||
| 920 | |a Electrónicos - Recursos en Disco | ||
| 905 | |a 207 | ||
| 901 | |a 0500134926 |b IT2 |c SWB |u 20250521 | ||
| 902 | |a https://opac.biblio.iteso.mx/vufind/Record/000190988 | ||